000 01132 a2200241 4500
001 22329
005 20260407155513.0
008 260407a1993 arg spa d
003 AR-UNSa-BCEJYS
040 _aAR-UNSa-BCEJYS
_bspa
_cAR-UNSa-BCEJYS
080 _a336.76
_xBolsa. Mercado del dinero. Mercado del capital
245 1 0 _aProblemas contables de los nuevos instrumentos financieros opciones, futuros, swaps.
020 _a84-476-0031-9
264 1 _aMadrid :
_bMinisterio de Economía y Hacienda
_c1993
300 _a303 p.
_c24 cm.
505 _a1. El fenómeno de la innovación financiera - 2. Las operaciones contables en los contratos de opciones - 3. Las operaciones contables en los contratos de futuros - 4. Los contratos swaps.
942 _cBK
590 _aniveau_biblio:m niveau_hierar:0
100 1 _aSánchez Fernández de Valderrama, José Luis
700 1 _aWanden-Berghe Lozano, José Luis
700 1 _aGonzález Carbonell, José Francisco
856 4 1 _uhttps://biblioeco.unsa.edu.ar/pmb/images/libros/Problemas Contables de la Nuevos Instrumentos Financieros-l119492.jpg
_yImagen de portada
_qimage/jpeg
999 _c970
_d970